000 00369nam a2200145Ia 4500
005 20251222153644.0
008 251222s9999||||xx |||||||||||||| ||spa||
020 _a9684443846
082 _a004.071.1/B84
100 _aBrookshear, J.Glenn
245 0 _aTeoría de la Computación
250 _a1ra.ed.
264 _bAddison Wesley Iberoamericana, S.A.
942 _cLIB
999 _c32841
_d32841